Todas las noches que fuimos humo / (Record no. 195002)
[ view plain ]
| 000 -LEADER | |
|---|---|
| campo de control de longitud fija | 01898nam a2200349 i 4500 |
| 001 - NÚMERO DE CONTROL | |
| campo de control | 195002 |
| 003 - IDENTIFICADOR DE NÚMERO DE CONTROL | |
| campo de control | ES-MaACL |
| 005 - FECHA Y HORA DE LA ÚLTIMA TRANSACCIÓN | |
| campo de control | 20250526063018.0 |
| 008 - DATOS DE LONGITUD FIJA--INFORMACIÓN GENERAL | |
| campo de control de longitud fija | 240214s2024 sp 000 0 spa |
| 017 ## - NÚMERO DE COPYRIGHT O DE DEPÓSITO LEGAL | |
| Número de copyright o de depósito legal | B 500-2024 |
| 020 ## - NÚMERO INTERNACIONAL ESTÁNDAR DEL LIBRO | |
| Número Internacional Estándar del Libro | 9788467072235 |
| 035 ## - NÚMERO DE CONTROL DEL SISTEMA | |
| Número de control de sistema | (SP-BaPL)pu240754019 |
| 040 ## - FUENTE DE CATALOGACIÓN | |
| Centro catalogador/agencia de origen | DLC |
| Lengua de catalogación | eng |
| Normas de descripción | rda |
| Centro/agencia transcriptor | DLC |
| 042 ## - CÓDIGO DE AUTENTICACIÓN | |
| Código de autenticación | pcc |
| 100 ## - ENTRADA PRINCIPAL--NOMBRE DE PERSONA | |
| Nombre de persona | Pelayo, Alejandro |
| 9 (RLIN) | 236641 |
| Término indicativo de función/relación | Autor |
| 245 10 - MENCIÓN DEL TÍTULO | |
| Título | Todas las noches que fuimos humo / |
| Mención de responsabilidad, etc. | Alejandro Pelayo. |
| 250 ## - MENCION DE EDICION | |
| Mención de edición | Primera Edición: febrero 2024 |
| 264 #1 - PRODUCCIÓN, PUBLICACIÓN, DISTRIBUCIÓN, FABRICACIÓN Y COPYRIGHT | |
| Producción, publicación, distribución, fabricación y copyright | [Barcelona] : |
| Nombre del de productor, editor, distribuidor, fabricante | Espasa es Poesía, |
| Fecha de producción, publicación, distribución, fabricación o copyright | 2024. |
| 300 ## - DESCRIPCIÓN FÍSICA | |
| Extensión | 97 páginas ; |
| Dimensiones | 19 cm |
| 336 ## - TIPO DE CONTENIDO | |
| Término de tipo de contenido | text |
| Código de tipo de contenido | txt |
| Fuente | rdacontent |
| 337 ## - TIPO DE MEDIO | |
| Nombre/término del tipo de medio | unmediated |
| Código del tipo de medio | n |
| Fuente | rdamedia |
| 338 ## - TIPO DE SOPORTE | |
| Nombre/término del tipo de soporte | volume |
| Código del tipo de soporte | nc |
| Fuente | rdacarrier |
| 520 ## - RESUMEN, ETC. | |
| Sumario, etc. | El poemario Todas las noches que fuimos humo trata de una historia de amor que transcurre en una habitación de hotel en la Gran Vía madrileña en el espacio de una noche de verano.<br/><br/>Los dos protagonistas se citan para cenar al caer el sol y se despiden a primera hora de la mañana siguiente cuando amanece.<br/><br/>Esa noche ambos pasan por diferentes estados de ánimo, algunos compartidos y otros secretos, y se entregan a lo que sucede debajo de las sábanas: lo íntimo, lo privado, el deseo, la soledad, el miedo y la ternura.<br/><br/>Todas las noches que fuimos humo es una historia de amor para dos cuerpos y la primera incursión literaria del músico Alejandro Pelayo. |
| 655 #7 - TERMINO DE INDIZACIÓN--GENERO/FORMA | |
| Fuente del término | tgfbne |
| 9 (RLIN) | 176539 |
| Datos o término principal de género/forma | Poesías |
| 852 ## - LOCALIZACIÓN | |
| Ubicación | ES-MaACL |
| Sublocalización o colección | R.155061 |
| Anotaciones manuscritas | Dedicatoria autógrafa del autor |
| Donativo/Legado | Donación: Alejandro Pelayo |
| Encuadernación | Encuadernación rústica |
| Nota libre | En proceso |
| Ubicación en estantería | Depósito J |
| Número de control de estantería | N-9846 |
| itemnumber | 205793 |
| 903 ## - NOMBRE PERSONAL DE DONANTE | |
| 9 | 236641 |
| a | Pelayo, Alejandro |
| e | Donante |
| 942 ## - ELEMENTOS DE ENTRADA SECUNDARIOS (KOHA) | |
| Tipo de ítem Koha | Libro impreso |
| Suprimir en OPAC | No |
| Estatus retirado | Estado de pérdida | Fuente del sistema de clasificación o colocación | Estado de daño | No para préstamo | Colección | Biblioteca de origen | Biblioteca actual | Ubicación en estantería | Fecha de adquisición | Fuente de adquisición | Total de préstamos | Signatura topográfica completa | Código de barras | Visto por última vez | Precio de reemplazo | Tipo de ítem Koha |
|---|---|---|---|---|---|---|---|---|---|---|---|---|---|---|---|---|
| Clasificación decimal universal | Libros con dedicatorias | Biblioteca del Ateneo de Madrid | Biblioteca del Ateneo de Madrid | Depósito J | 24/05/2025 | Donación | N-9846 | 101230140 | 24/05/2025 | 24/05/2025 | Libro impreso |
